Alle Spieler mit Rückennummer 10 der Bundesliga 2024/25 - Statistiken

Allgemein
  • Dieses Quiz wurde 86 mal gespielt
  • Das Durchschnittsergebnis liegt bei 8 aus 15
Antwortstatistiken
Verein Nation Spieler % Korrekt
Bayer 04 Leverkusen Deutschland Florian Wirtz
96%
FC Bayern München Deutschland Leroy Sane
93%
Borussia Dortmund Deutschland Julian Brandt
91%
RB Leipzig Niederlande Xavi Simons
91%
1. FC Heidenheim Deutschland/Österreich Paul Wanner
68%
SV Werder Bremen Deutschland Leonardo Bittencourt
53%
Holstein Kiel Deutschland Lewis Holtby
53%
Borussia Mönchengladbach Deutschland Florian Neuhaus
45%
VfL Bochum Niederlande Dani de Wit
39%
VfB Stuttgart Mali El Bilal Toure
39%
FC Augsburg Deutschland Arne Maier
36%
VfL Wolfsburg Deutschland Lukas Nmecha
33%
1. FC Union Berlin Deutschland Kevin Volland
21%
FC St. Pauli Luxemburg Danel Sinani
15%
TSG Hoffenheim Deutschland Mergim Berisha
13%
Keine übereinstimmenden Quizze gefunden
Verteilung der Resultate
Anzahl Personen mit jedem Resultat
Perzentil nach korrekt beantworteten Fragen
Ihre Resultats-Entwicklung
Sie haben dieses Quiz noch nicht gespielt